[Event "OSEM 2019"]
[Site "Oberviechtach"]
[Date "2019.04.16"]
[Round "7.13"]
[White "Forster, Stefan"]
[Black "Jobst, Thomas"]
[Result "1/2-1/2"]
[WhiteElo "1665"]
[BlackElo "1862"]
[PlyCount "42"]
[EventDate "2019.??.??"]
[WhiteTeam "ASV Burglengenfeld"]
[BlackTeam "SC Bavaria Regensburg von 1881"]

1. d4 Nf6 2. Nf3 d5 3. e3 g6 4. Bd3 Bg7 5. Nbd2 O-O 6. O-O c5 7. c3 b6 8. Re1
Bb7 9. e4 dxe4 10. Nxe4 cxd4 11. Nxd4 Nbd7 12. Bg5 h6 13. Nxf6+ Nxf6 14. Bxf6
Bxf6 15. Be4 Bxe4 16. Rxe4 Qd5 17. Qe2 Rfd8 18. a3 a6 19. Re1 b5 20. Nf3 Rac8
21. Ne5 Qd2 1/2-1/2

[Event "OSEM 2019"]
[Site "Oberviechtach"]
[Date "2019.04.16"]
[Round "7.14"]
[White "Baumer, Johannes"]
[Black "Adlhoch, Walter"]
[Result "1-0"]
[WhiteElo "1734"]
[BlackElo "1534"]
[PlyCount "73"]
[EventDate "2019.??.??"]
[WhiteTeam "SV OVI"]
[BlackTeam "SK Schwandorf"]

1. d4 Nf6 2. e3 e6 3. Bd3 b6 4. f4 Ba6 5. Bxa6 Nxa6 6. Qe2 Qc8 7. Nc3 c5 8. Nf3
Be7 9. O-O O-O 10. e4 cxd4 11. Nxd4 Nb8 {Tatsächlich wurde gespielt der
ungültige Zug Sa6-c6.  Mit einem Dreiecksmanöver(so nicht gespielt) entsteht
die tatsächliche Spielstellung ab dem 15. Zug von Schwarz.} 12. Be3 Nc6 13. Rf2
Nb8 14. Rf3 Nc6 15. Rff1 Nxd4 16. Bxd4 Bc5 17. Bxc5 Qxc5+ 18. Kh1 d6 19. e5
dxe5 20. fxe5 Nd5 21. Ne4 Qe3 22. Qg4 Qh6 23. Qe2 Qe3 24. Qg4 Qh6 25. Nf6+ Kh8
26. Nxd5 exd5 27. Rf3 Qe6 28. Qh5 Rac8 29. c3 Rc6 30. Raf1 Kg8 31. Qg5 Kh8 32.
Rxf7 Rg8 33. Rxa7 d4 34. cxd4 Qd5 35. Ra3 Rg6 36. Qxg6 Rc8 37. Rh3 1-0

[Event "OSEM 2019"]
[Site "Oberviechtach"]
[Date "2019.04.16"]
[Round "7.15"]
[White "Heipeck, Jan"]
[Black "Achhammer, Michael"]
[Result "1/2-1/2"]
[WhiteElo "1495"]
[BlackElo "1580"]
[PlyCount "78"]
[EventDate "2019.??.??"]
[WhiteTeam "FC Mintraching"]
[BlackTeam "FC Mintraching"]

1. Nf3 c6 2. g3 d5 3. Bg2 Nf6 4. O-O Bf5 5. d3 Qb6 6. Nbd2 h6 7. c4 e6 8. Nb3
Be7 9. Be3 Qc7 10. Bf4 Bd6 11. Bxd6 Qxd6 12. Nbd2 Nbd7 13. Re1 Bh7 14. Qb3 Qc7
15. Rac1 O-O 16. cxd5 Nxd5 17. Nd4 Qb6 18. Bxd5 Qxd4 19. Be4 Nb6 20. Bxh7+ Kxh7
21. e3 Qd5 22. Nc4 Nxc4 23. Rxc4 c5 24. Rec1 b6 25. Qc2 Rfd8 26. d4+ Kg8 27.
dxc5 bxc5 28. b3 Qf3 29. Rxc5 Rab8 30. Rc7 Rb6 31. Rc8 Rbd6 32. Rxd8+ Rxd8 33.
h4 Rd5 34. Qb1 Rf5 35. Qc2 g5 36. hxg5 hxg5 37. Rd1 g4 38. Rd8+ Kg7 39. Qb2+ e5
1/2-1/2

[Event "OSEM 2019"]
[Site "Oberviechtach"]
[Date "2019.04.16"]
[Round "7.16"]
[White "Kaltschmidt, Andreas"]
[Black "Isert, Fabian"]
[Result "0-1"]
[WhiteElo "1670"]
[BlackElo "1935"]
[PlyCount "110"]
[EventDate "2019.??.??"]
[WhiteTeam "SK Weiden"]
[BlackTeam "SC Bavaria Regensburg von 1881"]

1. e4 c5 2. Nf3 d6 3. d4 cxd4 4. Nxd4 Nf6 5. Nc3 a6 6. Be2 e5 7. Nf3 Be7 8. h3
Be6 9. Be3 Nbd7 10. Qd2 Qc8 11. Ng5 Bc4 12. Bxc4 Qxc4 13. Qd3 Qc6 14. Nd5 Nxd5
15. exd5 Qc7 16. O-O Nf6 17. Ne4 Nxe4 18. Qxe4 O-O 19. Qd3 Rac8 20. Rac1 b5 21.
c3 Qa5 22. Ra1 f5 23. f3 Qc7 24. Rac1 h6 25. f4 e4 26. Qd2 Bf6 27. Bd4 Qf7 28.
Bxf6 Qxf6 29. g3 Rc5 30. Rcd1 Re8 31. Rfe1 Kh7 32. Kh2 g5 33. Re2 Kg6 34. Rg1
Qf7 35. Rd1 Qb7 36. a3 a5 37. b3 Rec8 38. Re3 Qg7 39. Rc1 Qb7 40. Rd1 b4 41.
axb4 axb4 42. c4 Ra8 43. Rb1 Rca5 44. Rb2 Qb6 45. Re1 Ra1 46. Rd1 R8a3 47. Qd4
Qxd4 48. Rxd4 Rc1 49. Rdd2 Rc3 50. Kg2 Kf6 51. h4 gxf4 52. gxf4 Raxb3 53. Rxb3
Rxb3 54. c5 dxc5 55. d6 Rd3 0-1

[Event "OSEM 2019"]
[Site "Oberviechtach"]
[Date "2019.04.16"]
[Round "7.17"]
[White "Karner, Carl-Philipp"]
[Black "Fröhlich, Manuel"]
[Result "0-1"]
[WhiteElo "1578"]
[BlackElo "1652"]
[PlyCount "102"]
[EventDate "2019.??.??"]
[WhiteTeam "ASV Burglengenfeld"]
[BlackTeam "SV OVI"]

1. d4 c5 2. c3 e6 3. Nf3 d5 4. dxc5 Bxc5 5. Bf4 Qb6 6. e3 Qxb2 7. Nbd2 Nc6 8.
Be2 Qxc3 9. O-O Ba3 10. Bb5 f6 11. e4 Nge7 12. exd5 Nxd5 13. Ne4 Qa5 14. Bxc6+
bxc6 15. Bd2 Qa6 16. Bc1 Be7 17. a4 O-O 18. Qc2 Nb4 19. Qc3 Qd3 20. Qxd3 Nxd3
21. Ba3 c5 22. Rfd1 Ba6 23. Ne1 Nxe1 24. Rxe1 Rfc8 25. Rac1 Rc7 26. Bxc5 Rac8
27. Be3 Rc4 28. Rxc4 Rxc4 29. Ng3 Rxa4 30. Bxa7 Bb4 31. Rd1 Bc4 32. Be3 Bd5 33.
h3 g6 34. Rc1 Ra8 35. Rc7 Bd6 36. Rd7 Bxg3 37. fxg3 Ra1+ 38. Kf2 Ra2+ 39. Ke1
g5 40. Bd4 f5 41. Rg7+ Kf8 42. Rxg5 Bxg2 43. Rh5 Ra4 44. Bb2 Ra7 45. Be5 Rf7
46. Kf2 Bd5 47. Rh4 Ke8 48. Rb4 Ra7 49. Ke3 Ra3+ 50. Kf4 h6 51. h4 Rf3# 0-1

[Event "OSEM 2019"]
[Site "Oberviechtach"]
[Date "2019.04.16"]
[Round "8.1"]
[White "Brüll, Martin"]
[Black "Askri, Samir"]
[Result "1/2-1/2"]
[WhiteElo "1782"]
[BlackElo "1712"]
[PlyCount "37"]
[EventDate "2019.??.??"]
[WhiteTeam "SC Bavaria Regensburg von 1881"]
[BlackTeam "DJK Amberg"]

1. d4 Nf6 2. c4 g6 3. Nf3 Bg7 4. g3 O-O 5. Bg2 d6 6. O-O Nbd7 7. Nc3 e5 8. d5
a5 9. Qc2 Nc5 10. e4 Ne8 11. Bg5 f6 12. Be3 b6 13. a3 f5 14. b4 Nxe4 15. Nxe4
fxe4 16. Ng5 axb4 17. axb4 Rxa1 18. Rxa1 Nf6 19. Nxe4 1/2-1/2

[Event "OSEM 2019"]
[Site "Oberviechtach"]
[Date "2019.04.16"]
[Round "8.2"]
[White "Achhammer, Thomas"]
[Black "Ott, Ian"]
[Result "0-1"]
[WhiteElo "1860"]
[BlackElo "1818"]
[PlyCount "100"]
[EventDate "2019.??.??"]
[WhiteTeam "FC Mintraching"]
[BlackTeam "SC Bavaria Regensburg von 1881"]

1. e4 e5 2. Nf3 Nc6 3. d4 exd4 4. c3 dxc3 5. Nxc3 Bb4 6. Bc4 Nge7 7. O-O Bxc3
8. bxc3 O-O 9. e5 d6 10. exd6 Qxd6 11. Qxd6 cxd6 12. Ba3 d5 13. Bb3 Bg4 14.
Rab1 Bxf3 15. gxf3 Rfd8 16. Rfe1 Ng6 17. Red1 Nf4 18. Kf1 Na5 19. Ba4 b6 20.
Be7 Rdc8 21. Bd6 Ne6 22. Rxd5 Rxc3 23. Bb4 Rc4 24. Bb5 Rd4 25. Rxd4 Nxd4 26.
Bd3 Nac6 27. Be4 Rd8 28. Ba3 f5 29. Bd3 Ne5 30. Rd1 Nxd3 31. Rxd3 Kf7 32. Bb2
Ne6 33. Ra3 Rd7 34. Be5 Nc5 35. Ke2 Re7 36. f4 g6 37. f3 Ke6 38. Rc3 Kd5 39.
Kd2 a5 40. h4 b5 41. a3 b4 42. Re3 Rd7 43. Kc2 Kc4 44. axb4 axb4 45. Bf6 b3+
46. Kc1 Nd3+ 47. Kb1 Nxf4 48. Rc3+ Kb4 49. Rc8 Rd1+ 50. Kb2 Nd3# 0-1

[Event "OSEM 2019"]
[Site "Oberviechtach"]
[Date "2019.04.16"]
[Round "8.3"]
[White "Stark, Martin"]
[Black "Blodig, Martin"]
[Result "0-1"]
[WhiteElo "1817"]
[BlackElo "1841"]
[PlyCount "100"]
[EventDate "2019.??.??"]
[WhiteTeam "SF Luhe-Wildenau"]
[BlackTeam "SK Kelheim"]

1. d4 d5 2. Nf3 e6 3. e3 c5 4. c3 Nf6 5. Bd3 c4 6. Bc2 Bd6 7. Nbd2 O-O 8. O-O
Nc6 9. Qe2 Qc7 10. e4 dxe4 11. Nxe4 Nxe4 12. Qxe4 f5 13. Qe2 Ne7 14. Ng5 Rf6
15. h3 h6 16. Nf3 Ng6 17. Re1 b6 18. Ne5 Ba6 19. f4 Bb7 20. g3 Rc8 21. Kh2 Be7
22. Nxg6 Rxg6 23. Bxf5 exf5 24. Qxe7 Qc6 25. Qe2 Kh7 26. Bd2 Re8 27. Qf2 Rge6
28. Re5 g6 29. Rg1 Qa4 30. a3 Qc2 31. Be3 Qd3 32. Qd2 Rxe5 33. fxe5 Qxd2+ 34.
Bxd2 g5 35. Rf1 Be4 36. h4 Kg6 37. hxg5 hxg5 38. Kg1 Rh8 39. Kf2 Rh2+ 40. Ke3
Rg2 41. Rf2 Rxg3+ 42. Ke2 f4 43. Bxf4 Bd3+ 44. Kd2 gxf4 45. Rxf4 Rg2+ 46. Ke3
Rxb2 47. d5 Re2+ 48. Kd4 Kg5 49. d6 Kxf4 50. d7 Bf5 0-1

[Event "OSEM 2019"]
[Site "Oberviechtach"]
[Date "2019.04.16"]
[Round "8.4"]
[White "Nöckler, Alexander"]
[Black "Gold, Florian"]
[Result "1-0"]
[WhiteElo "1891"]
[BlackElo "1710"]
[PlyCount "67"]
[EventDate "2019.??.??"]
[WhiteTeam "SK Weiden"]
[BlackTeam "SK Kelheim"]

1. c4 e5 2. Nc3 f5 3. g3 Nf6 4. Bg2 Nc6 5. e3 d6 6. d4 Be7 7. Nge2 O-O 8. O-O
Qe8 9. Nd5 Bd8 10. Bd2 g5 11. b4 Qg6 12. b5 Ne7 13. Nxf6+ Qxf6 14. dxe5 dxe5
15. Bc3 Ng6 16. Qd5+ Kh8 17. c5 Rb8 18. f4 Re8 19. Rad1 Qg7 20. Qxd8 Be6 21.
Qd2 Qf6 22. Qc2 gxf4 23. exf4 Qe7 24. Ba1 h5 25. fxe5 h4 26. Nf4 Nxf4 27. Rxf4
hxg3 28. hxg3 Qg5 29. Rh4+ Kg8 30. Qd2 Qxg3 31. Qh6 Rbd8 32. Qh8+ Kf7 33. Rh7+
Kg6 34. Rg7# 1-0

[Event "OSEM 2019"]
[Site "Oberviechtach"]
[Date "2019.04.16"]
[Round "8.5"]
[White "Moroz, Grigorij"]
[Black "Riedl, Maximilian"]
[Result "1-0"]
[WhiteElo "1924"]
[BlackElo "1907"]
[PlyCount "146"]
[EventDate "2019.??.??"]
[WhiteTeam "SK Weiden"]
[BlackTeam "SC Furth Waldmünchen"]

1. e4 e5 2. Bc4 Nf6 3. Nc3 Bc5 4. Nf3 Nc6 5. d3 O-O 6. a3 d6 7. h3 Be6 8. O-O
Bxc4 9. dxc4 Nd4 10. Be3 Ne6 11. Bxc5 Nxc5 12. Re1 c6 13. Re3 Ne6 14. Rd3 Qe7
15. Rxd6 Rad8 16. Rxd8 Rxd8 17. Qf1 Nd4 18. Ne1 Qc7 19. b4 h6 20. f3 a5 21. Rb1
axb4 22. axb4 Nh5 23. Qf2 Ra8 24. Ne2 Ne6 25. Nd3 Ra2 26. Rb2 Ra1+ 27. Kh2 f5
28. Ng3 fxe4 29. fxe4 Nhf4 30. Ne2 Ng5 31. Qe3 Rf1 32. Ra2 Nfxh3 33. Ra8+ Kh7
34. Qc5 Nxe4 35. Qxe5 Qxe5+ 36. Nxe5 Nhf2 37. g3 g5 38. Rb8 Kg7 39. Kg2 Re1 40.
Rxb7+ Kf6 41. Nd7+ Kg6 42. Nd4 g4 43. Nxc6 Nd1 44. Nde5+ Kf6 45. Nxg4+ Kf5 46.
Nxh6+ Kg5 47. Nf7+ Kf6 48. Nce5 Re2+ 49. Kf3 Re3+ 50. Kf4 Nef2 51. Rb6+ Kg7 52.
Ng5 Rc3 53. Rb7+ Kf8 54. Ne6+ Ke8 55. Ng6 Rxc4+ 56. Ke5 Re4+ 57. Kd6 Rxe6+ 58.
Kxe6 Kd8 59. Rd7+ Kc8 60. Ne7+ Kb8 61. Kd6 Ne4+ 62. Kc6 Ndc3 63. Rd8+ Ka7 64.
Nc8+ Ka6 65. Nb6 Nb5 66. Nc4 Na7+ 67. Kd5 Nc3+ 68. Ke6 Ne4 69. g4 Ng5+ 70. Kf5
Nf7 71. Rd7 Nh6+ 72. Kg5 Nxg4 73. Kxg4 Nb5 1-0

[Event "OSEM 2019"]
[Site "Oberviechtach"]
[Date "2019.04.16"]
[Round "8.7"]
[White "Wiesgickl, Gerhard"]
[Black "Landstorfer, Raphael"]
[Result "1-0"]
[WhiteElo "1919"]
[BlackElo "1863"]
[PlyCount "129"]
[EventDate "2019.??.??"]
[WhiteTeam "DJK Amberg"]
[BlackTeam "TSV Kareth-Lappersdorf"]

1. Nf3 Nf6 2. b3 d5 3. e3 c5 4. d4 Nc6 5. Nbd2 Bg4 6. Be2 e6 7. O-O Bd6 8. Bb2
O-O 9. c4 cxd4 10. Nxd4 Bxe2 11. Qxe2 Nxd4 12. exd4 Rc8 13. c5 Be7 14. b4 b6
15. Rfc1 bxc5 16. dxc5 Qc7 17. Qf3 Rb8 18. a3 a5 19. Bc3 d4 20. Bxd4 axb4 21.
Nc4 Rbd8 22. Nd6 bxa3 23. Qxa3 Ne4 24. Bxg7 Kxg7 25. Nxe4 Qe5 26. Qg3+ Qxg3 27.
Nxg3 Rc8 28. c6 Rfd8 29. Kf1 Rd6 30. Ra6 f5 31. Ke2 Kf6 32. Rc2 Rc7 33. Nf1 e5
34. Ne3 Ke6 35. Nd1 Rd5 36. Rc4 Kd6 37. Ne3 Rc5 38. Nxf5+ Ke6 39. Rxc5 Bxc5 40.
g4 Kd5 41. f3 Rxc6 42. Rxc6 Kxc6 43. Kd3 Kd5 44. Ne3+ Ke6 45. Ke4 Kf6 46. Nc4
Bg1 47. h4 Bh2 48. Nb6 Ke6 49. Nd5 Bg3 50. h5 Bh2 51. Nc3 Bf4 52. Ne2 Bd2 53.
Kd3 Bg5 54. Kc4 Be3 55. Kb5 Bg5 56. Kc6 Bh4 57. Nc3 Bg3 58. Ne4 Bf4 59. Nc5+
Kf6 60. Kd5 Kg5 61. Nd3 Bg3 62. Ke4 Kf6 63. Nc5 Ke7 64. Kf5 Bf4 65. Nd3 1-0

[Event "OSEM 2019"]
[Site "Oberviechtach"]
[Date "2019.04.16"]
[Round "8.8"]
[White "Stöckl, Maximilian"]
[Black "Sanner, Christoph"]
[Result "0-1"]
[WhiteElo "1738"]
[BlackElo "1860"]
[PlyCount "64"]
[EventDate "2019.??.??"]
[WhiteTeam "SK Schwandorf"]
[BlackTeam "SK Weiden"]

1. d4 f5 2. Nc3 Nf6 3. e4 fxe4 4. Bg5 Nc6 5. Bc4 e6 6. Nxe4 Be7 7. Ng3 O-O 8.
Nf3 Nd5 9. Bxd5 Bxg5 10. Nxg5 exd5 11. Nf3 Re8+ 12. Ne2 Qe7 13. Qd2 d6 14. Nfg1
Qe4 15. O-O-O Qxg2 16. Ng3 Bg4 17. Rf1 Re4 18. c3 Rae8 19. f3 Qxf1+ 20. Nxf1
Re1+ 21. Kc2 Bf5+ 22. Kb3 Rxf1 23. h4 b6 24. Qg5 Na5+ 25. Ka3 Nc4+ 26. Kb3 g6
27. Rh2 c5 28. h5 Na5+ 29. Ka3 Nc4+ 30. Kb3 a5 31. a4 b5 32. axb5 Ra1 0-1

[Event "OSEM 2019"]
[Site "Oberviechtach"]
[Date "2019.04.16"]
[Round "8.9"]
[White "Horther-Schneider, Elsbeth"]
[Black "Baumüller, Steffen"]
[Result "1-0"]
[WhiteElo "1851"]
[BlackElo "1690"]
[PlyCount "63"]
[EventDate "2019.??.??"]
[WhiteTeam "SC Windischeschenbach"]
[BlackTeam "DJK Amberg"]

1. e4 c5 2. Nc3 Nc6 3. f4 a6 4. d3 g6 5. g3 Bg7 6. Bg2 d6 7. Nh3 Bxh3 8. Bxh3
e6 9. Bg2 Nge7 10. O-O O-O 11. Be3 Nd4 12. Rb1 Nec6 13. Ne2 Rb8 14. c3 Nxe2+
15. Qxe2 Qc7 16. Qd2 b5 17. f5 b4 18. f6 Bh8 19. g4 bxc3 20. Qxc3 e5 21. g5 Rb6
22. Rf3 Rfb8 23. Rh3 Qb7 24. b3 a5 25. Qe1 Bxf6 26. gxf6 h5 27. Bf3 a4 28. Bd1
Nd8 29. Bh6 Ne6 30. Qg3 Kh7 31. Bd2 c4 32. Bxh5 1-0

[Event "OSEM 2019"]
[Site "Oberviechtach"]
[Date "2019.04.16"]
[Round "8.10"]
[White "Brüll, Elias"]
[Black "Baumer, Johannes"]
[Result "1-0"]
[WhiteElo "1815"]
[BlackElo "1734"]
[PlyCount "57"]
[EventDate "2019.??.??"]
[WhiteTeam "SC Bavaria Regensburg von 1881"]
[BlackTeam "SV OVI"]

1. e4 e5 2. Nf3 Nc6 3. Bb5 Nf6 4. O-O d6 5. Re1 Bg4 6. c3 a6 7. Ba4 b5 8. Bc2
Qd7 9. d3 Be7 10. Nbd2 O-O 11. Nf1 Nh5 12. h3 Be6 13. Nxe5 Nxe5 14. Qxh5 f5 15.
d4 g6 16. Qe2 Bc4 17. Qd1 fxe4 18. dxe5 Bh4 19. Be3 Qf5 20. Ng3 Qxe5 21. Bb3
Rf3 22. Bxc4+ bxc4 23. gxf3 Bxg3 24. f4 Qf5 25. fxg3 d5 26. g4 Qd7 27. Qd4 Rf8
28. Rad1 c6 29. Qxe4 1-0

[Event "OSEM 2019"]
[Site "Oberviechtach"]
[Date "2019.04.16"]
[Round "8.11"]
[White "Fröhlich, Manuel"]
[Black "Pilhöfer, Lukas"]
[Result "0-1"]
[WhiteElo "1652"]
[BlackElo "1614"]
[PlyCount "68"]
[EventDate "2019.??.??"]
[WhiteTeam "SV OVI"]
[BlackTeam "SC Sulzbach-Rosenberg"]

1. d4 d5 2. c4 c6 3. e3 Bf5 4. Nc3 Nf6 5. Nf3 e6 6. Bd2 Bd6 7. cxd5 exd5 8. Be2
O-O 9. O-O Nbd7 10. Qb3 b5 11. a3 Nb6 12. Rac1 Nc4 13. Rfd1 a5 14. Nh4 a4 15.
Qa2 Bd7 16. g3 Re8 17. Bxc4 bxc4 18. f3 Qc7 19. Kf2 g5 20. Ng2 Bf5 21. Re1 Bd3
22. e4 Nh5 23. e5 Be7 24. f4 Qb6 25. Be3 gxf4 26. gxf4 Ng7 27. Rg1 Kh8 28. Kf3
Nf5 29. Ne1 Nxd4+ 30. Kg4 Rg8+ 31. Kh5 Bg6+ 32. Rxg6 Rxg6 33. f5 Nxf5 34. Bxb6
Ng7# 0-1

[Event "OSEM 2019"]
[Site "Oberviechtach"]
[Date "2019.04.16"]
[Round "8.12"]
[White "Jobst, Thomas"]
[Black "Vinogradov, Anatoli"]
[Result "1/2-1/2"]
[WhiteElo "1862"]
[BlackElo "1782"]
[PlyCount "24"]
[EventDate "2019.??.??"]
[WhiteTeam "SC Bavaria Regensburg von 1881"]
[BlackTeam "DJK Amberg"]

1. c4 Nf6 2. g3 e6 3. Bg2 c5 4. Nf3 Nc6 5. O-O d5 6. d4 cxd4 7. Nxd4 Bc5 8.
Nxc6 bxc6 9. Qa4 Qb6 10. cxd5 exd5 11. Nc3 O-O 12. Qf4 Ba6 1/2-1/2

[Event "OSEM 2019"]
[Site "Oberviechtach"]
[Date "2019.04.16"]
[Round "8.13"]
[White "Isert, Fabian"]
[Black "Forster, Stefan"]
[Result "1/2-1/2"]
[WhiteElo "1935"]
[BlackElo "1665"]
[PlyCount "66"]
[EventDate "2019.??.??"]
[WhiteTeam "SC Bavaria Regensburg von 1881"]
[BlackTeam "ASV Burglengenfeld"]

1. c4 c5 2. Nf3 Nf6 3. d4 e6 4. Nc3 d5 5. cxd5 exd5 6. g3 Nc6 7. Bg2 cxd4 8.
Nxd4 Bb4 9. Nxc6 Bxc3+ 10. bxc3 bxc6 11. Ba3 Qa5 12. Bb4 Qb6 13. Qd4 Qxd4 14.
cxd4 a5 15. Ba3 Bf5 16. O-O Rb8 17. Rac1 Kd7 18. f3 Rhe8 19. Kf2 h5 20. h3 g5
21. g4 Bg6 22. Rfe1 Re6 23. Rc5 Rb5 24. Rc3 Ne8 25. Bf1 Nd6 26. Bxd6 Kxd6 27.
e3 Rb4 28. a3 Rb6 29. Rc5 a4 30. Ra5 hxg4 31. hxg4 Bc2 32. Re2 Bd3 33. Re1 Bc2
1/2-1/2

[Event "OSEM 2019"]
[Site "Oberviechtach"]
[Date "2019.04.16"]
[Round "8.14"]
[White "Hadzhimustafa, Erkan"]
[Black "Wetzler, Sophia"]
[Result "0-1"]
[WhiteElo "1879"]
[BlackElo "1682"]
[PlyCount "64"]
[EventDate "2019.??.??"]
[WhiteTeam "SC Bavaria Regensburg von 1881"]
[BlackTeam "SC Bavaria Regensburg von 1881"]

1. e4 e5 2. Nf3 Nc6 3. Bb5 a6 4. Ba4 Nf6 5. O-O Be7 6. Re1 b5 7. Bb3 Bb7 8. d4
d6 9. c3 O-O 10. d5 Na5 11. Bc2 c6 12. Bg5 h6 13. Bxf6 Bxf6 14. b3 Be7 15. Qd3
cxd5 16. exd5 f5 17. Nxe5 dxe5 18. Rxe5 Bc8 19. g4 Bd6 20. Re3 Qg5 21. h3 Qf4
22. Rg3 Qc1+ 23. Kg2 Bxg3 24. fxg3 Qg5 25. Nd2 Nb7 26. Nf3 Qf6 27. Nd4 Nc5 28.
Qf3 fxg4 29. Qe2 gxh3+ 30. Kg1 Bg4 31. Qd2 Rae8 32. b4 Re2 0-1

[Event "OSEM 2019"]
[Site "Oberviechtach"]
[Date "2019.04.16"]
[Round "8.15"]
[White "Achhammer, Michael"]
[Black "Bauer, Peter"]
[Result "0-1"]
[WhiteElo "1580"]
[BlackElo "1595"]
[PlyCount "95"]
[EventDate "2019.??.??"]
[WhiteTeam "FC Mintraching"]
[BlackTeam "SV OVI"]

1. e4 e6 2. d4 d5 3. e5 c5 4. c3 Nc6 5. Nf3 cxd4 6. cxd4 Qc7 7. a3 Nge7 8. Be2
Ng6 9. O-O Be7 10. Nc3 a6 11. Be3 Bd7 12. Rc1 O-O 13. Qd2 b5 14. b4 Qb7 15. Bd3
Rfc8 16. Qe2 Rc7 17. g3 Rac8 18. Na2 Nb8 19. h4 Be8 20. h5 Nf8 21. h6 Ng6 22.
hxg7 Kxg7 23. Ng5 Nd7 24. Qh5 Ndf8 25. Rxc7 Rxc7 26. Kg2 f5 27. exf6+ Bxf6 28.
Qe2 Qc8 29. Rh1 Kg8 30. Qg4 Rd7 31. f4 Bxg5 32. Qxg5 Rg7 33. Rc1 Qd7 34. f5 Ne5
35. Qxg7+ Qxg7 36. dxe5 Qxe5 37. Bf4 Qd4 38. Bb1 e5 39. Bg5 Qg4 40. Bh4 Qe2+
41. Kh3 Bh5 42. Be7 Kf7 43. Bd6 Bg4+ 44. Kh4 h5 45. Rc7+ Kf6 46. Be7+ Kg7 47.
f6+ Kg8 48. Nc3 0-1

[Event "OSEM 2019"]
[Site "Oberviechtach"]
[Date "2019.04.16"]
[Round "8.16"]
[White "Kaltschmidt, Andreas"]
[Black "Heipeck, Jan"]
[Result "0-1"]
[WhiteElo "1670"]
[BlackElo "1495"]
[PlyCount "36"]
[EventDate "2019.??.??"]
[WhiteTeam "SK Weiden"]
[BlackTeam "FC Mintraching"]

1. e4 d6 2. d4 Nf6 3. Nc3 g6 4. Bc4 Bg7 5. f4 Nxe4 6. Nxe4 d5 7. Ng3 dxc4 8.
Nf3 Bg4 9. c3 O-O 10. h3 Be6 11. O-O Bd5 12. f5 Nd7 13. Qe2 c5 14. Be3 Qc7 15.
Rad1 Qxg3 16. dxc5 Bxf3 17. Qxf3 Qc7 18. Bd4 Nxc5 0-1

[Event "OSEM 2019"]
[Site "Oberviechtach"]
[Date "2019.04.16"]
[Round "8.17"]
[White "Adlhoch, Walter"]
[Black "Karner, Carl-Philipp"]
[Result "0-1"]
[WhiteElo "1534"]
[BlackElo "1578"]
[PlyCount "36"]
[EventDate "2019.??.??"]
[WhiteTeam "SK Schwandorf"]
[BlackTeam "ASV Burglengenfeld"]

1. c4 Nf6 2. Nc3 g6 3. g3 Bg7 4. Bg2 O-O 5. d3 c5 6. e4 d6 7. Nge2 Nc6 8. O-O
a6 9. Rb1 Rb8 10. a3 b5 11. b4 bxc4 12. dxc4 cxb4 13. Nd4 bxa3 14. Rxb8 Nxb8
15. Qb3 Nbd7 16. Bh3 Nd5 17. exd5 Qb6 18. Qc2 Bxd4 {
nicht weiter rekonstruierbar} 0-1

[Event "OSEM 2019"]
[Site "Oberviechtach"]
[Date "2019.04.13"]
[Round "1.1"]
[White "Forster, Stephan"]
[Black "Blodig, Samuel"]
[Result "1/2-1/2"]
[WhiteElo "1591"]
[BlackElo "1337"]
[PlyCount "32"]
[EventDate "2019.??.??"]
[WhiteTeam "DJK Amberg"]
[BlackTeam "TV Riedenburg"]

1. d4 Nf6 2. c4 c5 3. d5 b5 4. cxb5 a6 5. bxa6 Bxa6 6. Nc3 g6 7. e4 Bxf1 8.
Kxf1 Bg7 9. Nge2 d6 10. g3 Nbd7 11. Kg2 O-O 12. Qc2 Qa5 13. Rb1 Rfb8 14. f4 Nb6
15. b3 Nfd7 16. Bd2 Qa6 1/2-1/2

[Event "OSEM 2019"]
[Site "Oberviechtach"]
[Date "2019.04.13"]
[Round "1.2"]
[White "Mühlberger, Ottmar"]
[Black "Kammer, Fabian"]
[Result "1-0"]
[WhiteElo "1314"]
[BlackElo "1459"]
[PlyCount "65"]
[EventDate "2019.??.??"]
[WhiteTeam "SC Sulzbach-Rosenberg"]
[BlackTeam "TSV Nittenau"]

1. e4 d5 2. exd5 Qxd5 3. Nc3 Qa5 4. Nf3 Nf6 5. Bc4 Bf5 6. O-O e6 7. a3 Be7 8.
d3 c6 9. Be3 Nbd7 10. b4 Qc7 11. h3 Bg6 12. Ne2 Nb6 13. Bb3 Rc8 14. Bc5 Bxc5
15. bxc5 Nbd5 16. Qd2 Bh5 17. c4 Bxf3 18. gxf3 Ne7 19. Rfd1 Qe5 20. d4 Qh5 21.
Qf4 Qxh3 22. Ng3 Nh5 23. Nxh5 Qxh5 24. Qg4 Qxg4+ 25. fxg4 Rd8 26. Rab1 h5 27.
d5 cxd5 28. cxd5 exd5 29. Ba4+ Kf8 30. Rxb7 hxg4 31. c6 Rh6 32. c7 Ra8 33. Rb8+
1-0

[Event "OSEM 2019"]
[Site "Oberviechtach"]
[Date "2019.04.13"]
[Round "1.3"]
[White "Klinkhammer, Christopher"]
[Black "Scheck, Arthur"]
[Result "0-1"]
[WhiteElo "1688"]
[BlackElo "1312"]
[PlyCount "116"]
[EventDate "2019.??.??"]
[WhiteTeam "DJK Amberg"]
[BlackTeam "SK Weiden"]

1. c4 c5 2. g3 Nf6 3. Bg2 e6 4. Nf3 Be7 5. Nc3 O-O 6. O-O d5 7. cxd5 exd5 8. d4
Bd7 9. dxc5 Bc6 10. b4 b6 11. b5 Bb7 12. c6 Bc8 13. Bf4 Bd6 14. Nxd5 Bxf4 15.
Nxf4 Qc7 16. Nd5 Nxd5 17. Qxd5 Be6 18. Qe5 Qe7 19. Nd4 a6 20. Nf5 Qg5 21. Qxg7+
Qxg7 22. Nxg7 Kxg7 23. c7 Ra7 24. cxb8=Q Rxb8 25. a4 Bc4 26. Rfe1 axb5 27. axb5
Rxa1 28. Rxa1 Bxb5 29. e3 Bc4 30. Rb1 b5 31. Bf1 Bxf1 32. Kxf1 b4 33. Ke2 Kf6
34. Kd3 Ke5 35. f4+ Kf5 36. e4+ Kg4 37. Ke3 b3 38. Rb2 Rb7 39. Kf2 Rb6 40. Kg2
Rb4 41. h3+ Kh5 42. Kf3 Kg6 43. g4 h6 44. e5 h5 45. Kg3 Kh6 46. Kf3 Kg6 47. f5+
Kg5 48. e6 fxe6 49. fxe6 Kf6 50. g5+ Ke7 51. g6 Kxe6 52. g7 Kf7 53. Ke3 Kxg7
54. Kf3 Kf6 55. Kf2 Ke5 56. Ke3 Rh4 57. Kf2 Rxh3 58. Kg2 Rc3 0-1

[Event "OSEM 2019"]
[Site "Oberviechtach"]
[Date "2019.04.13"]
[Round "1.4"]
[White "Stöckl, Leonard"]
[Black "Zeitler, Jürgen"]
[Result "0-1"]
[WhiteElo "1273"]
[BlackElo "1596"]
[PlyCount "106"]
[EventDate "2019.??.??"]
[WhiteTeam "SK Schwandorf"]
[BlackTeam "DJK Amberg"]

1. e4 e5 2. Nf3 Nc6 3. Bc4 Bc5 4. c3 Nf6 5. d3 O-O 6. Bg5 Be7 7. Nbd2 d5 8.
Bxf6 Bxf6 9. Bxd5 Ne7 10. Bc4 Ng6 11. Nf1 c6 12. a4 Qb6 13. b4 a5 14. b5 cxb5
15. axb5 Bd7 16. Ne3 Nf4 17. g3 Nh3 18. d4 exd4 19. cxd4 Rae8 20. e5 Bd8 21.
Nd5 Qa7 22. Qb3 Bg4 23. b6 Bxb6 24. Qxb6 Qxb6 25. Nxb6 Bxf3 26. Rf1 Rd8 27. Kd2
Bg2 28. Rfe1 Rxd4+ 29. Ke3 Re4+ 30. Kd2 Rd8+ 31. Kc3 Rxe1 32. Rxe1 Nxf2 33. Kb3
Nd3 34. Bxd3 Rxd3+ 35. Ka4 Bc6+ 36. Kxa5 Rd2 37. h3 Rd3 38. Rg1 Re3 39. Nc4 Re4
40. Rc1 g6 41. Kb6 Bd5 42. Nd6 Rxe5 43. Rc5 Kg7 44. Ne8+ Kh6 45. Nf6 Re6+ 46.
Kc7 Rc6+ 47. Rxc6 bxc6 48. Kd6 Bf3 49. Nd7 f5 50. Ne5 Bg2 51. h4 Kh5 52. Nxc6
Bxc6 53. Kxc6 Kg4 0-1

[Event "OSEM 2019"]
[Site "Oberviechtach"]
[Date "2019.04.13"]
[Round "1.5"]
[White "Eichinger, Bernd"]
[Black "Fritsch, Nicolas"]
[Result "1/2-1/2"]
[WhiteElo "1411"]
[BlackElo "1153"]
[PlyCount "144"]
[EventDate "2019.??.??"]
[WhiteTeam "SK Schwandorf"]
[BlackTeam "DJK Amberg"]

1. d4 d5 2. c4 Nf6 3. Nc3 e6 4. Bg5 c6 5. e3 Nbd7 6. Nf3 Be7 7. Bd3 h6 8. Bh4
g5 9. Bg3 Nh5 10. Be5 Nxe5 11. Nxe5 Ng7 12. c5 Bf6 13. Nf3 Qc7 14. b4 a6 15. a4
Bd7 16. b5 a5 17. bxc6 bxc6 18. Rb1 Rb8 19. O-O O-O 20. Qc2 e5 21. Be2 Bf5 22.
e4 exd4 23. Nxd5 cxd5 24. exf5 g4 25. Nd2 Qf4 26. g3 Qxf5 27. Qxf5 Nxf5 28.
Bxg4 Ng7 29. Bd7 Rfd8 30. Bb5 Ne6 31. Nb3 Ra8 32. Rfd1 Kf8 33. c6 Rdc8 34. Rbc1
Rc7 35. Nc5 Ke7 36. Nxe6 fxe6 37. Re1 Kd6 38. f4 Re8 39. Re2 Bg7 40. Rce1 Rce7
41. Kf2 Rf8 42. Kg2 Bf6 43. Kh3 h5 44. Kg2 Rg8 45. Kf3 Rg6 46. h3 Rg8 47. g4
hxg4+ 48. hxg4 Bg7 49. g5 Rh8 50. Kg4 Rf8 51. Rf1 Ref7 52. Ref2 Rf5 53. Rh2 Rh8
54. Rxh8 Bxh8 55. Rh1 Rf8 56. Rh7 Rd8 57. Rd7+ Rxd7 58. cxd7 Ke7 59. Kh5 d3 60.
Bxd3 Kxd7 61. Kh6 Ke7 62. Kg6 e5 63. fxe5 Bxe5 64. Kf5 Bg7 65. g6 Kd6 66. Bc2
Ke7 67. Kf4 Kd6 68. Ke3 Kc5 69. Kf3 Kd6 70. Kf4 Ke7 71. Kf3 Kd6 72. Ke3 Kc5
1/2-1/2